Movies Quiz

Random Movies or Color Quiz
Score 0/24 Timer 06:00
1 Play Today
Hint Answer % Correct
Row 2Forrest Gump
95.7%
Row 1The Devil Wears Prada
94%
Row 3Men in Black II
93.7%
Row 2Mr. & Mrs. Smith
87.5%
Row 3Dirty Dancing
86.5%
Row 3Marley & Me
77.3%
Row 3Hitch
75.8%
Row 1Doctor Dolittle
74.9%
Row 2Liar Liar
72.9%
Row 2Pretty Woman
72.6%
Row 1Catch Me If You Can
71.5%
Row 212 Years a Slave
69.2%
Hint Answer % Correct
Row 3Rocky
68.9%
Row 2The Proposal
67%
Row 2American History X
65.2%
Row 3Jerry Maguire
64.4%
Row 3Skyfall
61.5%
Row 3Who Framed Roger Rabbit
59.8%
Row 2One Flew Over the Cuckoo's Nest
56.7%
Row 110 Things I Hate About You
55.2%
Row 1Basic Instinct
52.6%
Row 117 Again
47.5%
Row 1Saving Mr. Banks
46.8%
Row 1Ramona and Beezus
25%
Remove Ads.
Support Sporcle.
Get the best of Sporcle when you Go Orange. This ad-free experience offers more features, more stats, and more fun while also helping to support Sporcle. Thank you for becoming a member.

You're not logged in!

Compare scores with friends on all Sporcle quizzes.
OR
Log In

Show Comments

Extras

Top Quizzes Today


Score Distribution

Your Account Isn't Verified!

In order to create a playlist on Sporcle, you need to verify the email address you used during registration. Go to your Sporcle Settings to finish the process.

Report this User

Report this user for behavior that violates our Community Guidelines.

Details: